Sports Quiz

Random Sports or Tennis Quiz
Score 0/20 Timer 07:00
0 Plays Today
Nation Represented Tennis Player % Correct
RomaniaSimona Halep
78.4%
GermanyAngelique Kerber
76.3%
BelarusVictoria Azarenka
76.3%
Czech RepublicPetra Kvitová
75.5%
ItalySara Errani
74.8%
AustraliaAshleigh Barty
70.5%
AustraliaSamantha Stosur
67.6%
RussiaAnastasia Pavlyuchenkova
65.5%
The NetherlandsKiki Bertens
64.7%
UkraineElina Svitolina
64%
Nation Represented Tennis Player % Correct
Czech RepublicKarolína Plíšková
62.6%
SpainGarbiñe Muguruza
61.9%
GermanyJulia Görges
61.2%
SpainCarla Suárez Navarro
60.4%
RussiaSvetlana Kuznetsova
59%
GermanyAndrea Petkovic
56.8%
USASloane Stephens
56.1%
USAMadison Keys
55.4%
USAVenus Williams
54%
USASerena Williams
54%
Remove Ads.
Support Sporcle.
Get the best of Sporcle when you Go Orange. This ad-free experience offers more features, more stats, and more fun while also helping to support Sporcle. Thank you for becoming a member.

You're not logged in!

Compare scores with friends on all Sporcle quizzes.
OR
Log In

Sporcle TV

Today on Sporcle TV


Watch our educational content, quiz creation guides, and fun videos on Sporcle TV.

Show Comments

Extras

Top Quizzes Today


Score Distribution

Paid Content

Your Account Isn't Verified!

In order to create a playlist on Sporcle, you need to verify the email address you used during registration. Go to your Sporcle Settings to finish the process.

Report this User

Report this user for behavior that violates our Community Guidelines.

Details: